000 00936nam a2200301 i 4500
001 000012679
003 DO-SdBNP
005 20250128101948.0
007 ta
008 091116s1978 mx r 001 0 spa d
020 _a9682300975
040 _aDO-SdBNP
_bspa
_cBNPHU
_erda
041 _aspa
082 4 _aRD863.44
_bM671cu
_222
100 1 _aMir, Pedro,
_d1913-2000
_eautor
_4aut.
_97245
245 1 0 _aCuando amaban las tierras comuneras /
_cPedro Mir ; edición Martí Soler.
264 _aMéxico. D. F. :
_bSiglo XXI,
_c1978.
300 _a332 páginas ;
_c18 cm.
336 _ardacontent
_btexto
_2txt
337 _ardamedia
_bsin mediación
_2n
338 _ardacarrier
_bvolumen
_2nc
590 _aInventariado, 2020/BT
650 4 _aCuentos dominicanos
_9176
650 4 _aLiteratura dominicana.
_967
700 1 _aSoler, Martí,
_eeditor
_4ed.
_929456
910 _aValidado. Control de calidad. MMOLINA
942 _2ddc
_cLBS1
999 _c12330
_d12330